Dell'educazione cristiana e politica de' figliuoli. Libri 3

Saved in:
Bibliographic Details
Main Author: Antoniano, Silvio.
Format: Book
Language:Italian
Published: Imola Galeati 1853
Textbook Catalogue:EDISCO:  Library Catalog Search Result
Textbook Classification:
Tags: Add Tag
No Tags, Be the first to tag this record!
Added to:2016-04-30
Changed in:2017-10-18

MARC

LEADER 00000aam a22000007 4500
001 03376
003 OSt
005 20171018093804.0
008 160501s1853 it 000 0 ita
040 |c Gianfranco Bandini - Firenze - CLIO 
041 1 |a ita 
100 1 |a Antoniano, Silvio. 
245 0 0 |a Dell'educazione cristiana e politica de' figliuoli. Libri 3 
260 |a Imola  |b Galeati  |c 1853 
300 |a , 1/x ;  
901 |a 7 
942 |2 ddc  |c BK 
546 |a ita 
999 |c 3365  |d 3365 
999 |c edisco:3365  |d 3365